| 000 | 00758nam a2200253 a 4500 | ||
|---|---|---|---|
| 008 | |||
| 020 | _a0412400405 (pbk.) | ||
| 049 | _aMAIN | ||
| 090 | _aQD478 | ||
| 100 | 1 | _aSmart, Lesley. | |
| 245 | 1 | 0 |
_aSolid state chemistry : _ban introduction / _cLesley Smart and Elaine Moore. |
| 260 |
_aLondon : _bChapman & Hall, _c1992. |
||
| 300 |
_axii, 292 p. : _bill. (some col.) ; _c24 cm. |
||
| 504 | _aIncludes bibliographical references. | ||
| 500 | _aIncludes index. | ||
| 650 | 0 | _aSolid state chemistry. | |
| 650 | _aChemistry. | ||
| 700 | 1 |
_aMoore, Elaine _q(Elaine A.) |
|
| 907 |
_a.b10023392 _b12-05-04 _c17-04-03 |
||
| 003 | |||
| 005 | 20230123133713.0 | ||
| 040 | _cNUST | ||
| 942 |
_cBOOKS _kQD478 |
||
| 999 |
_c153185 _d153185 |
||